| 000 | 00355nam a2200133Ia 4500 | ||
|---|---|---|---|
| 008 | 210210b1988 xxu||||| |||| 00| 0 eng d | ||
| 082 | _a827 LAUG | ||
| 100 | _a- | ||
| 245 | _aLaughing together stories riddles & proverbs from Asia & the Pacific. | ||
| 260 |
_aND _bNational Book Trust _c1988 |
||
| 300 | _a176 | ||
| 690 | _aEnglish Humor | ||
| 906 | _a043299 | ||
| 999 |
_c93241 _d93241 |
||